000 00958nam a2200337Ia 4500
003 OSt
005 20220912144546.0
006 a|||||r|||| 00| 0
007 ta
008 220909b |||||||| |||| 00| 0 eng d
020 _a9789351501336 (pbk)
020 _aSL01600547
024 _a195848
037 _b1262, 22/03/2016, Select Book Service Syndicate
037 _cTextual
040 _aCSL
_beng
_cCSL
041 _aeng
082 _aY:f, Q4
100 _aKumar R
245 0 _aResearch methodology
250 _a4
260 _aNew Delhi
_b Sage
_c2014
300 _axxvii, 399p. ill.
500 _a Glossary 363-386p.; Bibliography 387-392p.; Index 393-399p.
650 _a Research design
650 _a Selecting sample
650 _aConceptualising a research design
700 _aKumar R
942 _hY:f, Q4
_cTEXL
_2CC
999 _c11989
_d11989